000 00766nam a2200217 4500
001 175737
003 ES-MaACL
005 20230906215917.0
008 101118s2009 sp |||| |dglg
020 _a978-84-92590-62-9
080 _a821.134.4-14"20"
100 1 _aCaramés Gorgal, María Carmen.
_9144026
245 1 0 _aCuarto minguante /
_cMaría Carmen Caramés Gorgal.
260 _aGondomar [Pontevedra] :
_bInstituto de Estudos Miñoranos :
_bEntidade Local de Morgadáns-Gondomar,
_c[2009]
300 _a62 p. ;
_c20 cm.
586 _aII Certame de Poesía Victoriano Taibo
594 _aTít. tomado de la cub.
650 4 _aPoesías gallegas-
_yS.XXI.
_9144025
710 2 _aInstituto de Estudos Miñoranos.
_9147854
852 _aES-MaACL
_j2265-F-11
999 _c175737
_d175737